00990nam a2200241 a 4500001001000000003000400010005001700014008004100031040002500072082002300097100002900120245008300149260003400232300002000266590002600286650002900312700006500341710008700406910003700493942001400530952018700544999001700731000028884OSt20210428102842.0110412s1929 dr r 000 0 spa d aDO-SdBNPbspacBNPHU 4a633.372bC263c2221 aCarballo R., Luis95585410aCartilla de instrucciones sobre el cultivo de los frijoles /cLuis Carballo R. aSanto Domingo :bSEAI,c1929. a12 p. ;c24 cm. aInventariado, 2018/BT 4aFrijolesxCultivo9774341 aSecretaría de Estado de Agricultura e Inmigración9558551 aRepública DominicanabSecretaria de Estado de Agricultura e Inmigración938549 aValidado. Control de calidad MFF 2ddccLBS1 00102ddc718RVaBNPHUbPDcHDd2011-04-12l0oBNPHU PD-F-RV 633.372 C263cp28884-10r2020-06-25w2020-06-25yLF2zPerteneció a la biblioteca personal de Carlos Larrazabal Blanco. c28376d28376